这些5A景区在哪里?#32~34 Where are these 5A scenic spots located? - Statistics

General Stats
  • This quiz has been taken 37 times
  • The average score is 19 of 31
Answer Stats
景点 地市 % Correct
青州古城景区 潍坊
93%
**市城墙·碑林历史文化景区 西安
90%
(浙江)西塘古镇旅游景区 嘉兴
87%
(吉林)世界雕塑公园景区 长春
83%
滕王阁旅游区 南昌
83%
梵净山(江口·印江)旅游区 铜仁
77%
赤壁市三国赤壁古战场景区 咸宁
77%
两江四湖·象山景区 桂林
70%
天一阁·月湖景区 宁波
70%
(江苏)春秋淹城旅游区 常州
67%
洪洞县洪洞大槐树寻根祭祖园旅游景区 临汾
67%
克什克腾旗阿斯哈图石阵旅游区 赤峰
63%
工布江达县巴松措景区 林芝
60%
(浙江)江郎山.廿八都旅游区 衢州
60%
大新县德天跨国瀑布景区 崇左
60%
雁门关景区 忻州
60%
(河北)广府古城景区 邯郸
57%
(四川)海螺沟景区 甘孜
57%
(江西)大觉山景区 抚州
53%
花溪青岩古镇景区 贵阳
53%
阿尔山·柴河旅游景区 兴安盟
53%
互助土族故土园旅游区 海东
53%
**市桑珠孜区扎什伦布寺景区 日喀则
53%
(辽宁)千山景区 鞍山
50%
云阳龙缸景区 重庆
47%
(广东)**西湖旅游景区 惠州
47%
(河南)芒砀山汉文化旅游景区 商丘
40%
(江西)龟峰景区 上饶
37%
(河北)白石山景区 保定
33%
(山东)**华夏城景区 威海
30%
(新疆)白沙湖景区 阿勒泰/北屯
23%
No matching quizzes found
Score Distribution
Percent of People with Each Score
Percentile by Number Answered
Your Score History
You have not taken this quiz